Sports Quiz

Random Sports or Numbers Quiz

Most Prolific Australian Group 1 Winners Quiz Stats

Quiz not verified by Sporcle

Challenge
Share
Tweet
Embed
Score 0/25 Timer 05:00
0 Plays Today
Number Horse % Correct
14Kingston Town
91.7%
13Phar Lap
91.7%
8Makybe Diva
91.7%
13Sunline
83.3%
10Octagonal
83.3%
9Northerly
58.3%
19Tulloch
50%
13Tie The Knot
50%
11Lonhro
50%
11Bonecrusher
41.7%
8Carbine
41.7%
21Manikato
33.3%
8Super Impose
33.3%
Number Horse % Correct
8Intergaze
25%
17Ajax
16.7%
12Rough Habit
16.7%
11Amounis
16.7%
8Takeover Target
16.7%
8Mahogany
16.7%
14Sky High
8.3%
11Tobin Bronze
8.3%
9Better Loosen Up
8.3%
15Wenona Girl
0%
11Eurythmic
0%
11Wakeful
0%

You're not logged in!

Compare scores with friends on all Sporcle quizzes.
Sign Up with Email
OR
Log In

You Might Also Like...

Show Comments

Extras

Top Quizzes Today


Score Distribution

Your Account Isn't Verified!

In order to create a playlist on Sporcle, you need to verify the email address you used during registration. Go to your Sporcle Settings to finish the process.

Report this User

Report this user for behavior that violates our Community Guidelines.

Details: